书目信息 |
| 题名: |
工业用水处理工程
|
|
| 作者: | 丁桓如 , 吴春华 , 龚云峰 编著 | |
| 分册: | ||
| 出版信息: | 北京 清华大学出版社 2014.09 |
|
| 页数: | 13,560页 | |
| 开本: | 26cm | |
| 丛书名: | ||
| 单 册: | ||
| 中图分类: | TQ085 | |
| 科图分类: | ||
| 主题词: | 工业用水--水处理 , 工业用水 , 水处理 | |
| 电子资源: | ||
| ISBN: | 978-7-302-36618-8 | |
| 000 | 01113nam0 2200313 450 | |
| 001 | 0120141407646 | |
| 005 | 20170418144419.18 | |
| 010 | @a978-7-302-36618-8@dCNY69.00 | |
| 100 | @a20141117d2014 em y0chiy0110 ea | |
| 101 | 0 | @achi |
| 102 | @aCN@b110000 | |
| 105 | @aak z 000yy | |
| 106 | @ar | |
| 200 | 1 | @a工业用水处理工程@9gong ye yong shui chu li gong cheng@dIndustrial water treatment engineering@f丁桓如,吴春华,龚云峰编著@zeng |
| 205 | @a2版 | |
| 210 | @a北京@c清华大学出版社@d2014.09 | |
| 215 | @a13,560页@c图@d26cm | |
| 330 | @a本书全面介绍工业用水处理的理论和实践,包括混凝澄清、过滤、吸附、离子交换、膜、蒸镏、凝结水处理、冷却水处理等处理单元,介绍毎一处理技术的原理、设备及工艺。 | |
| 333 | @a高等学校工业水处理相关专业师生 | |
| 510 | 1 | @aIndustrial water treatment engineering@zeng |
| 606 | 0 | @a工业用水@x水处理 |
| 606 | 0 | @a工业用水 |
| 606 | 0 | @a水处理 |
| 690 | @aTQ085@v5 | |
| 701 | 0 | @a丁桓如@9ding huan ru@4编著 |
| 701 | 0 | @a吴春华@9wu chun hua@4编著 |
| 701 | 0 | @a龚云峰@9gong yun feng@4编著 |
| 801 | 0 | @aCN@b人天书店@c20141117 |
| 905 | @b985291-94@dTQ085@e310=2@f4 | |
| 工业用水处理工程=Industrial water treatment engineering/丁桓如,吴春华,龚云峰编著.-2版.-北京:清华大学出版社,2014.09 |
| 13,560页:图;26cm |
| 使用对象:高等学校工业水处理相关专业师生 |
| ISBN 978-7-302-36618-8:CNY69.00 |
| 本书全面介绍工业用水处理的理论和实践,包括混凝澄清、过滤、吸附、离子交换、膜、蒸镏、凝结水处理、冷却水处理等处理单元,介绍毎一处理技术的原理、设备及工艺。 |
| ● |
| 相关链接 |
|
|
|
|
正题名:工业用水处理工程
索取号:TQ085/310=2
 
预约/预借
| 序号 | 登录号 | 条形码 | 馆藏地/架位号 | 状态 | 备注 |
| 1 | 985291 | 209852916 | 第二样本阅览室/ [索取号:TQ085/310=2] | 在馆 | |
| 2 | 985292 | 209852925 | 密集书库-化学系/ [索取号:TQ085/310=2] | 在馆 | |
| 3 | 985293 | 209852934 | 第三借阅区/ [索取号:TQ085/310=2] | 在馆 | |
| 4 | 985294 | 209852943 | 第三借阅区/ [索取号:TQ085/310=2] | 在馆 |